Деятельность службы приема и размещения: учебник для вузов

Dettagli Bibliografici
Autore principale: Асанова И. М. Ирина Маратовна
Altri autori: Жуков А. А. Алексей Александрович
Riassunto:Рассмотрены специфика и способы организации работы службы приема и размещения в зависимости от типа гостиниц и их классификации, деятельность службы приема и размещения гостиниц в их взаимосвязи с другими службами. Освещены основные обязанности работников службы и ее руководителей. Приведены примеры организации работы служб приема и размещения конкретных гостиниц. Для студентов высших учебных заведений. Может быть полезен практическим работникам сферы гостиничного сервиса.
Lingua:russo
Pubblicazione: Москва, Академия, 2011
Serie:Высшее профессиональное образование. Туризм
Soggetti:
Natura: MixedMaterials Libro
KOHA link:https://koha.lib.tpu.ru/cgi-bin/koha/opac-detail.pl?biblionumber=208855

MARC

LEADER 00000nam0a2200000 4500
001 208855
005 20231101225507.0
010 |a 9785769571787 
035 |a (RuTPU)RU\TPU\book\228098 
090 |a 208855 
100 |a 20120206d2011 m y0rusy50 ca 
101 0 |a rus 
102 |a RU 
105 |a y j 001zy 
200 1 |a Деятельность службы приема и размещения  |e учебник для вузов  |f И. М. Асанова, А. А. Жуков 
210 |a Москва  |c Академия  |d 2011 
215 |a 284 с. 
225 1 |a Высшее профессиональное образование. Туризм 
320 |a Библиогр.: с. 282. 
330 |a Рассмотрены специфика и способы организации работы службы приема и размещения в зависимости от типа гостиниц и их классификации, деятельность службы приема и размещения гостиниц в их взаимосвязи с другими службами. Освещены основные обязанности работников службы и ее руководителей. Приведены примеры организации работы служб приема и размещения конкретных гостиниц. Для студентов высших учебных заведений. Может быть полезен практическим работникам сферы гостиничного сервиса. 
606 1 |a Гостеприимство  |2 stltpush  |3 (RuTPU)RU\TPU\subj\67668  |9 83389 
610 1 |a гостиницы 
610 1 |a гостиничная индустрия 
610 1 |a гостинично-туристский комплекс 
610 1 |a гостиничное хозяйство 
610 1 |a гостиничные службы 
610 1 |a гостиничные услуги 
610 1 |a прием 
610 1 |a размещение 
610 1 |a отели 
610 1 |a правовое обеспечение 
610 1 |a трудовые ресурсы 
610 1 |a маркетинг 
610 1 |a учебники 
686 |a У9(2)43я73  |v LBC/SL-A  |2 rubbk 
700 1 |a Асанова  |b И. М.  |g Ирина Маратовна 
701 1 |a Жуков  |b А. А.  |g Алексей Александрович 
801 1 |a RU  |b 63413507  |c 20120206 
801 2 |a RU  |b 63413507  |c 20150601  |g RCR 
900 |a Технологии внутреннего туризма 
900 |a Технологии и организация гостиничных услуг 
900 |a Технологии организации въездного туризма 
942 |c BK 
959 |a 16/20120206  |d 2  |e 291,00  |f ЧЗГЛ:1  |f АНЛ:1